00681nam a22002417a 450000500170000000800410001704000070005804100080006508200200007310000350009324500350012826000460016330000230020936500130023265000240024565000190026965000240028870000280031270000320034070000230037270000230039570000210041820230106111126.0230106b ||||| |||| 00| 0 eng d cAL aeng 223a294.3bSANB aRahul Sankrityayan ...[et. al] aBuddhism: The marxist approach aNew DelhibPeoples Publishing Housec1981 a86p.bPBc21x14cm. 2Religion aBuddhist Dialectics aEarly Buddhism aBuddhist Philosophy aSANKRITYATYAYAN (Rahul) aCHATTOPADHYAYA (Debiprasad) aBALARAMAMOORTY (Y) aSHARMA (Ram Bilas) aANAND (Mulk Raj)